| Tag |
First Indicator |
Second Indicator |
Subfields |
| LEADER |
00000cam a2200000 i 4500 |
| 001 |
in00004443821 |
| 006 |
m do | | |
| 007 |
cr ||||||||||| |
| 008 |
201202s2021 enk ob 001 0 eng |
| 005 |
20250816190611.7 |
| 010 |
|
|
|a 2020048153
|
| 020 |
|
|
|a 9781315727608
|q electronic book
|
| 020 |
|
|
|a 1315727609
|q electronic book
|
| 020 |
|
|
|z 9781138845244
|q hardcover
|
| 020 |
|
|
|z 9780367633042
|q paperback
|
| 024 |
8 |
|
|a 99987651600
|
| 035 |
|
|
|a (DLC)ybp17015444
|
| 040 |
|
|
|a NhCcYBP
|c NhCcYBP
|d UtOrBLW
|
| 042 |
|
|
|a pcc
|
| 043 |
|
|
|a a-tu---
|
| 050 |
|
4 |
|a DS99.A6
|b D44 2021
|
| 082 |
0 |
0 |
|a 956.4/8
|2 23
|
| 100 |
1 |
|
|a De Giorgi, Andrea U.,
|e author.
|0 http://id.loc.gov/authorities/names/n2015051850
|
| 245 |
1 |
0 |
|a Antioch :
|b a history /
|c Andrea U. De Giorgi and Asa Eger.
|
| 264 |
|
1 |
|a Abingdon, Oxon ;
|a New York, NY :
|b Routledge,
|c 2021.
|
| 300 |
|
|
|a 1 online resource.
|
| 336 |
|
|
|a text
|b txt
|2 rdacontent
|
| 337 |
|
|
|a computer
|b n
|2 rdamedia
|
| 338 |
|
|
|a online resource
|b nc
|2 rdacarrier
|
| 490 |
1 |
|
|a Cities of the ancient world
|
| 504 |
|
|
|a Includes bibliographical references and index.
|
| 505 |
0 |
|
|a The Eagle of Zeus Arrives (303 BCE-64 BCE) -- Orientis Apex Pulcher : The Roman "Beautiful Crown of the East" in the making (64 BCE 192CE) -- From Capital to Crisis : Antioch in the Late Roman Empire (193-458 CE) -- Theoupolis, the City of God (458-638) -- Anṭākiya, Mother of the Frontier (638-969) -- The Byzantine Duchy of Antioch (969-1085) -- The Saljūqs : An Interlude (1084-1098) -- The Crusader Principality of Antioch (1098-1268) -- A Mamlūk Entrepot (1268-1516) -- Ottoman Antakya (1516-1918) -- A Frontier Town Once More (1920-2020)
|
| 588 |
|
|
|a Description based upon online resource; title from PDF title page (viewed May 10, 2021).
|
| 500 |
|
|
|a Electronic resource.
|
| 650 |
|
0 |
|a Excavations (Archaeology)
|z Turkey
|z Antioch.
|
| 651 |
|
0 |
|a Antioch (Turkey)
|x History.
|
| 651 |
|
0 |
|a Antioch (Turkey)
|x Antiquities.
|
| 655 |
|
7 |
|a Electronic books.
|2 local
|
| 700 |
1 |
|
|a Eger, A. Asa,
|e author.
|0 http://id.loc.gov/authorities/names/no2008125464
|
| 710 |
2 |
|
|a Taylor & Francis.
|0 http://id.loc.gov/authorities/names/n84073022
|
| 776 |
1 |
8 |
|i Print version:
|a De Giorgi, Andrea U..
|t Antioch
|d Abingdon, Oxon ; New York, NY : Routledge, 2021.
|z 9781138845244
|w (DLC) 2020048152
|
| 830 |
|
0 |
|a Cities of the ancient world.
|0 http://id.loc.gov/authorities/names/no2017005171
|
| 856 |
4 |
0 |
|u http://proxy.library.tamu.edu/login?url=https://www.taylorfrancis.com/books/9781315727608
|z Connect to the full text of this electronic book
|t 0
|
| 945 |
|
|
|b 908282
|
| 955 |
|
|
|a YBP purchased firm e-records
|
| 980 |
|
|
|b 149.95
|g 1
|
| 999 |
f |
f |
|s 237dfd37-63ae-398f-82eb-bf79865f8cb8
|i bb639673-973a-3da3-a2f0-beec9eb66e6b
|t 0
|
| 952 |
f |
f |
|a Texas A&M University
|b College Station
|c Electronic Resources
|d Available Online
|t 0
|e DS99.A6 D44 2021
|h Library of Congress classification
|
| 998 |
f |
f |
|a DS99.A6 D44 2021
|t 0
|l Available Online
|